000 004680000a22001690004500
003 MACL
005 20160320133633.0
008 160320b xxu||||| |||| 00| 0 eng d
040 _aMACL
_cMACL
041 _aHindi
082 _a100
100 _aसाहू रामदेव
_947735
245 _aभारतीय दर्शन
260 _bश्‍याम प्रकाशन
_c2003
_aजयपुर
350 _a300
942 _cHIN
_k100 /SHA
_2ddc
999 _c12812
_d12812